书目信息 |
| 题名: |
中国古代神话
|
|
| 作者: | 靳瑞刚 编 ;孟令全 评注 | |
| 分册: | ||
| 出版信息: | 武汉 崇文书局 2019.06 |
|
| 页数: | 176页 | |
| 开本: | 24cm | |
| 丛书名: | “快乐读书吧”系列 | |
| 单 册: | ||
| 中图分类: | I276.5 | |
| 科图分类: | ||
| 主题词: | 神话--shen hua--作品集--中国--古代 | |
| 电子资源: | ||
| ISBN: | 978-7-5403-5228-8 | |
| 000 | 00996nam 2200277 450 | |
| 001 | CAL 0120192813463 | |
| 005 | 20230217093112.0 | |
| 010 | @a978-7-5403-5228-8@dCNY24.80 | |
| 100 | @a20200701d2019 cemy0chiy0120 ea | |
| 101 | 0 | @achi |
| 102 | @aCN@b420000 | |
| 105 | @aa z 000fy | |
| 106 | @ar | |
| 200 | 1 | @a中国古代神话@Azhong guo gu dai shen hua@f靳瑞刚编@g伍剑评注 |
| 210 | @a武汉@c崇文书局@d2019.06 | |
| 215 | @a176页@c彩图@d24cm | |
| 225 | 2 | @a“快乐读书吧”系列@A“ kuai le du shu ba ”xi lie |
| 300 | @a教育部新编小学语文教材指定阅读书系 四年级必读 | |
| 330 | @a本书收录了55篇脍炙人口的中国古代经典神话, 如《盘古开天辟地》《女娲创造人类》《精卫填海》《夸父追日》《后羿射目》《八仙过海》《嫦娥奔月》等。 | |
| 410 | 0 | @12001 @a“快乐读书吧”系列 |
| 606 | 0 | @a神话@Ashen hua@x作品集@y中国@z古代 |
| 690 | @aI276.5@v5 | |
| 701 | 0 | @a靳瑞刚@Ajin rui gang@4编 |
| 702 | 0 | @a孟令全@Ameng ling quan@4评注 |
| 801 | 0 | @aCN@bBJXHZP@c20230222 |
| 905 | @b1379422-5@dI276.5@e174@f4 | |
| 中国古代神话/靳瑞刚编/伍剑评注.-武汉:崇文书局,2019.06 |
| 176页:彩图;24cm.-(“快乐读书吧”系列) |
| 教育部新编小学语文教材指定阅读书系 四年级必读 |
| ISBN 978-7-5403-5228-8:CNY24.80 |
| 本书收录了55篇脍炙人口的中国古代经典神话, 如《盘古开天辟地》《女娲创造人类》《精卫填海》《夸父追日》《后羿射目》《八仙过海》《嫦娥奔月》等。 |
| ● |
| 相关链接 |
|
|
|
|
正题名:中国古代神话
索取号:I276.5/174
 
预约/预借
| 序号 | 登录号 | 条形码 | 馆藏地/架位号 | 状态 | 备注 |
| 1 | 1379422 | 213794223 | 第一样本阅览室/ [索取号:I276.5/174] | 在馆 | |
| 2 | 1379423 | 213794232 | 第二借阅区/ [索取号:I276.5/174] | 在馆 | |
| 3 | 1379424 | 213794241 | 第二借阅区/ [索取号:I276.5/174] | 在馆 | |
| 4 | 1379425 | 213794250 | 第二借阅区/ [索取号:I276.5/174] | 在馆 |